Movimientos, caminos y rutas de las mujeres en espacios socioculturales /
Este artículo es realizado a partir de la investigación "Mujeres en movimientos socioculturales del siglo XXI: un acercamiento a sus realidades en espacios politizados y artísticos", realizada durante 2009-2011 y adscrita al Centro de Investigación en Cultura y Desarrollo (CICDE) de la Uni...
Gardado en:
| Autor Principal: | |
|---|---|
| Formato: | Texto |
| Materias: | |
| Etiquetas: |
Engadir etiqueta
Sen Etiquetas, Sexa o primeiro en etiquetar este rexistro!
|
MARC
| LEADER | 00000 a a2200000 04500 | ||
|---|---|---|---|
| 001 | 45700 | ||
| 003 | |||
| 040 | |a CRAI/IIS |c CRAI/IIS | ||
| 100 | |a Morales Bonilla, Roxana | ||
| 245 | |a Movimientos, caminos y rutas de las mujeres en espacios socioculturales / |c Roxana Morales Bonilla | ||
| 520 | |a Este artículo es realizado a partir de la investigación "Mujeres en movimientos socioculturales del siglo XXI: un acercamiento a sus realidades en espacios politizados y artísticos", realizada durante 2009-2011 y adscrita al Centro de Investigación en Cultura y Desarrollo (CICDE) de la Universidad Estatal a Distancia (UNED, Costa Rica). El propósito de este estudio es señalar y analizar las organizaciones sociales donde participan las mujeres en espacios mixtos, con el fin de revelar y luchar por sus expresiones identitarias para que no sean ignoradas, oprimidas, silenciadas o excluidas, porque sus valores, identidades y subjetividades son producto de las formas de vida de estas mujeres, quienes producen y construyen espacios culturales y políticos. | ||
| 590 | |a AMB/MAYO2014 | ||
| 650 | |a MUJERES | ||
| 650 | |a GLOBALIZACION | ||
| 650 | |a GENERO (CIDCACS) | ||
| 650 | |a FEMINISMO | ||
| 650 | |a RELACIONES DE GENERO | ||
| 650 | |a IDENTIDAD SOCIAL (CIDCACS) | ||
| 650 | |a MOVIMIENTOS SOCIALES | ||
| 650 | |a ORGANIZACIONES FEMENINAS | ||
| 650 | |a AMERICA CENTRAL | ||
| 773 | |g número140 (2013), páginas 27-45 | ||
| 999 | |c 18390 |d 18390 | ||
| 773 | 0 | |0 18728 |9 3008 |a Universidad de Costa Rica |d San José, Costa Rica Editorial UCR 1956- |o 15467 |t Revista de Ciencias Sociales/ |x 04825276 | |
